| 000 | 00348nam a22001577a 4500 | ||
|---|---|---|---|
| 003 | SGT | ||
| 020 | _a9789352704996 | ||
| 082 |
_a615 _bE21T |
||
| 100 | _aTRIPATHI, K.D. | ||
| 245 | _aESSENTIALS OF MEDICAL PHARMACOLOGY | ||
| 250 | _a8TH | ||
| 260 |
_aINDIA _bJAYPEE PUB _c2021 |
||
| 300 | _a1122 | ||
| 650 | _aPHARMACOLOGY | ||
| 942 |
_2ddc _cBK _0177 |
||
| 999 |
_c21023 _d21023 |
||